Differences of opinion (Record no. 81642)
[ view plain ]
| 000 -LEADER | |
|---|---|
| fixed length control field | 01644cab a22002535a 4500 |
| 001 - CONTROL NUMBER | |
| control field | L147785 |
| 008 - FIXED-LENGTH DATA ELEMENTS--GENERAL INFORMATION | |
| fixed length control field | 090617e20090613xxk 000 0 eng d |
| 035 ## - SYSTEM CONTROL NUMBER | |
| System control number | (Sirsi) u147785 |
| 041 0# - LANGUAGE CODE | |
| Language code of text/sound track or separate title | eng |
| 100 1# - MAIN ENTRY--PERSONAL NAME | |
| Personal name | Freedman, Philip |
| 245 00 - TITLE STATEMENT | |
| Title | Differences of opinion |
| 260 ## - PUBLICATION, DISTRIBUTION, ETC. | |
| Date of publication, distribution, etc. | 2009 |
| 490 ## - SERIES STATEMENT | |
| Series statement | Estates Gazette |
| Volume/sequential designation | (0923) 13 June 2009, 84-46(2) |
| 520 ## - SUMMARY, ETC. | |
| Summary, etc. | Discusses recent case law concerning service charge disputes between landlords and tenants. "Douglas Shelf Seven Ltd v Co-operative Wholesale Society Ltd" [L137177] held that costs cannot be recovered from a tenant through a service charge unless wording in lease expressly provides for this. "Boots Uk Ltd v Trafford Centre Ltd" (L146772) deals with the question of whether costs incurred by landlord for Christmas marketing activities such as a Santa's grotto and Christmas decoration fell within the definition of promotional costs. "Leonora Investment Co Ltd v Mott MacDonald Ltd" (L145457) reminds landlords of the importance of following procedural requirements in a lease for recovering service charges. |
| 590 ## - LOCAL NOTE (RLIN) | |
| Local note | KA |
| 650 24 - SUBJECT ADDED ENTRY--TOPICAL TERM | |
| Topical term or geographic name entry element | DOUGLAS SHELF SEVEN LTD V CO-OPERATIVE WHOLESALE SOCIETY LTD |
| 650 24 - SUBJECT ADDED ENTRY--TOPICAL TERM | |
| Topical term or geographic name entry element | BOOTS UK LTD V TRAFFORD CENTRE LTD |
| 650 24 - SUBJECT ADDED ENTRY--TOPICAL TERM | |
| Topical term or geographic name entry element | LEONORA INVESTMENT CO LTD V MOTT MACDONALD LTD |
| 650 24 - SUBJECT ADDED ENTRY--TOPICAL TERM | |
| Topical term or geographic name entry element | UNIVERSITIES SUPERANNUNATION SCHEME LTD V MARKS & SPENCER PLC |
| 651 #4 - SUBJECT ADDED ENTRY--GEOGRAPHIC NAME | |
| Geographic name | United Kingdom |
| Chronological subdivision | |
| 690 ## - LOCAL SUBJECT ADDED ENTRY--TOPICAL TERM (OCLC, RLIN) | |
| Topical term or geographic name as entry element | PROPERTY-COMMERCIAL PROPERTY-LEASEHOLD COMMERCIAL PROPERTY-COMMERCIAL LANDLORD AND TENANT-COMMERCIAL SERVICE CHARGES |
| 856 48 - ELECTRONIC LOCATION AND ACCESS | |
| Uniform Resource Identifier | <a href="https://www.bailii.org/ew/cases/EWHC/Ch/2008/3372.html">https://www.bailii.org/ew/cases/EWHC/Ch/2008/3372.html</a> |
| Public note | View the report at www.bailii.org... |
| 942 ## - ADDED ENTRY ELEMENTS (KOHA) | |
| Suppress in OPAC | 0 |
| Withdrawn status | Lost status | Source of classification or shelving scheme | Damaged status | Not for loan | Home library | Current library | Shelving location | Date acquired | Total Checkouts | Full call number | Barcode | Date last seen | Copy number | Price effective from | Koha item type |
|---|---|---|---|---|---|---|---|---|---|---|---|---|---|---|---|
| Dewey Decimal Classification | London | London | Journal article | 17/06/2009 | L147785 | 147785-1001 | 06/08/2019 | 1 | 06/08/2019 | Journal article |